Friedrich V. von der Pfalz
| Titel: | Friedrich V. von der Pfalz : Viel gewagt und alles verloren |
|---|---|
| Verfasser: | |
| In: |
Damals, Band 35, Heft 5 (2003), Seite 22-29, Abb. alle Artikel anzeigen |
| Veröffentlicht: | 2003 |
| Format: | Aufsatz |
| Sprache: | Deutsch |
X
alg: 39164464 001A $01999:11-11-16 001B $01999:15-05-21 $t21:01:16.000 001C $06050:19-11-16 $t09:16:17.000 001D $01999:11-11-16 001U $0utf8 001X $00 002@ $0Aox 003@ $0391644645 007A $0391644645 $aHEB 007T $0Herd79971 010@ $ager 011@ $a2003 021A $aFriedrich V. von der Pfalz $dViel gewagt und alles verloren 028A $aBilhöfer $dPeter 031A $d35 $e5 $h22-29, Abb. $j2003 039B $aIn $8--Abvc--. Damals. - Leinfelden-Echterdingen : Konradin, 1969-. - ISSN 0011-5908 $x200300000350005978 $9047713682 045F $a929.094371 $eDDC23BSB 045F/01 $a929 045F/03 $g4371 045T $a8 lok: 39164464 78 exp: 39164464 78 1 #EPN 201B/01 $024-01-18 $t23:05:54.000 201U/01 $0utf8 203@/01 $0787739189 208@/01 $a11-11-16 $be 209A/01 $a/ $f000 $x00 220C/01 $aTitelaufnehmer: nk 244Z/01 $#Tschechien $#Tschechische Republik $#Tschechische Republik $#Tschechenland $#Tschechei Tschechien $#Česká Republika $#Czech Republic $#ČR $74303381-7 $8--Tg1--Tschechien $x01 $9086659812 244Z/01 $2Trx $#Böhmen $#Bohemia $#Czechy $8--Trx--Čechy $x02 $9391188941 244Z/01 $aGeschichte 1596-1632 $x03 244Z/01 $#Friedrich$#Frédéric V. $#Frederick V. $#Friderich $#Friedrich $#Friedrich I. $#Friedrich $#Friderich I. $#Friedrich $#Friderich $#Friedrich $#Friderich $#Friederich V. $#Fridericus $#Fridericus $#Fredericus $#Fridericus $#Fridericus V. $#Fredericus $#Fridericus V. $#Constantinus $#Fredericke $#Friedrich V. $#Fridrich I. $#Friedrich $#Fridericus $#Friderich $#Friderich $#Friedrich $#Friderich $#Friedrich $7118693522 $8--Tp1--$PFriedrich$nV.$lPfalz, Kurfürst$Z1596-1632 $x04 $9087034344 244Z/01 $2Trx $#Valge mägi, lahing 1620 $#Baltojo Kalno mūšis ? 1620 $#battle of White Mountain 1620 $#fehér hegyi csata 1620 $#bitwa pod Białą Górą 1620 $#bitka na Bielej hore 1620 $#bitva na Bílé hoře 1620 $8--Trx--Weißen Berg, Schlacht am$g1620 $x05 $9391373390 244Z/01 $2Trx $#kuningad, Böömimaa $#Čekijos karaliai $#Kings, Bohemian $#királyok, bohémiai $#królowie czescy $#králi českí $#králové čeští $8--Trx--Könige, böhmische $x06 $9391364707 244Z/01 $2Trx $#seisused Böömimaa $#Čekijos valstybė $#Estates Bohemia $#rendek Bohémia $#stany czeskie $#stavy zemské Čechy $#stavy zemské Čechy $8--Trx--Stände$gBöhmen $x07 $9391359029 244Z/01 $2Trx $8--Trx--Zeitschriftenaufsatz $x08 $9391384341 245Z/01 $a12.03 $x01 247C/01 $82080>Marburg/Lahn, Herder-Institut, Forschungsbibliothek, Bibliographieportal $9336309341
| LEADER | 00000caa a22000002c 4500 | ||
|---|---|---|---|
| 001 | 391644645 | ||
| 003 | DE-603 | ||
| 005 | 20210515210116.0 | ||
| 007 | tu | ||
| 008 | 161111s2003 xx |||| | u00||u|ger c | ||
| 035 | |a (DE-599)HEB391644645 | ||
| 040 | |a DE-603 |b ger |c DE-603 |d DE-603 | ||
| 041 | |a ger | ||
| 082 | 0 | 4 | |8 1\u |a 929.094371 |q DE-101 |2 23/BSB |
| 084 | |a 8 |2 ssgn | ||
| 085 | |8 1\u |b 929 | ||
| 085 | |8 1\u |z 2 |s 4371 | ||
| 100 | 1 | |a Bilhöfer, Peter | |
| 245 | 0 | 0 | |a Friedrich V. von der Pfalz |b Viel gewagt und alles verloren |
| 264 | 0 | |c 2003 | |
| 773 | 0 | 8 | |i In |t Damals |d Leinfelden-Echterdingen : Konradin, 1969- |h 28 cm |x 0011-5908 |g Band 35, Heft 5 (2003), Seite 22-29, Abb. |w (DE-603)047713682 |w (DE-600)512126-7 |
| 924 | 0 | |9 2080 |a (DE-603)787739189 |b DE-2080 |c HES |d d |g / | |


